<?xml version="1.0" encoding="UTF-8"?>
<record
    xmlns:xsi="http://www.w3.org/2001/XMLSchema-instance"
    xsi:schemaLocation="http://www.loc.gov/MARC21/slim http://www.loc.gov/standards/marcxml/schema/MARC21slim.xsd"
    xmlns="http://www.loc.gov/MARC21/slim">

  <leader>01263nam a2200265 a 4500</leader>
  <controlfield tag="005">20240516125700.0</controlfield>
  <controlfield tag="008">100831s2011||||sp d   f |||| 001 0 spa d</controlfield>
  <datafield tag="020" ind1=" " ind2=" ">
    <subfield code="a">9788497843089</subfield>
  </datafield>
  <datafield tag="041" ind1=" " ind2=" ">
    <subfield code="h">spa</subfield>
  </datafield>
  <datafield tag="092" ind1=" " ind2=" ">
    <subfield code="c">300.1</subfield>
    <subfield code="l">15</subfield>
    <subfield code="s">DEN</subfield>
  </datafield>
  <datafield tag="100" ind1="1" ind2=" ">
    <subfield code="a">Denzin, Norman K.</subfield>
    <subfield code="e">Comp.</subfield>
    <subfield code="9">1995</subfield>
  </datafield>
  <datafield tag="245" ind1=" " ind2=" ">
    <subfield code="a">Manual de investigaci&#xF3;n cualitativa.</subfield>
    <subfield code="b">Vol.1 El campo de la investigaci&#xF3;n cualitativa /</subfield>
    <subfield code="c">Norman K. Denzin</subfield>
  </datafield>
  <datafield tag="250" ind1=" " ind2=" ">
    <subfield code="a">1a ed.</subfield>
    <subfield code="b">Traducci&#xF3;n Cecilia Pav&#xF3;n</subfield>
  </datafield>
  <datafield tag="260" ind1=" " ind2=" ">
    <subfield code="a">Barcelona: </subfield>
    <subfield code="b">Gedisa;</subfield>
    <subfield code="c">2011.</subfield>
  </datafield>
  <datafield tag="300" ind1=" " ind2=" ">
    <subfield code="a">370 p.</subfield>
  </datafield>
  <datafield tag="500" ind1=" " ind2=" ">
    <subfield code="a">Denzin, N. K. y Lincoln, Y. S. (Comps.). (2011). Manual de investigaci&#xF3;n cualitativa. T.1 El campo de la investigaci&#xF3;n cualitativa. (1a ed.). Barcelona : Gedisa.</subfield>
  </datafield>
  <datafield tag="653" ind1=" " ind2=" ">
    <subfield code="a">Reforma de las ciencias sociales y de las universidades a trav&#xE9;s de la investigaci&#xF3;n-acci&#xF3;n</subfield>
  </datafield>
  <datafield tag="653" ind1=" " ind2=" ">
    <subfield code="a">Sobre la teorizaci&#xF3;n y el an&#xE1;lisis cr&#xED;ticos acerca de la (in)justicia social</subfield>
  </datafield>
  <datafield tag="653" ind1=" " ind2=" ">
    <subfield code="a">Investigaci&#xF3;n de los pueblos nativos en la era de la incertidumbre</subfield>
  </datafield>
  <datafield tag="653" ind1=" " ind2=" ">
    <subfield code="a">Investigaci&#xF3;n libre de la nominaci&#xF3;n neocolonial</subfield>
  </datafield>
  <datafield tag="653" ind1=" " ind2=" ">
    <subfield code="a">Etica y la pol&#xED;tica en la investigaci&#xF3;n cualitativa</subfield>
  </datafield>
  <datafield tag="653" ind1=" " ind2=" ">
    <subfield code="a">Comit&#xE9;s de conducta &#xE9;tica y el conservadurismo metodol&#xF3;gico</subfield>
  </datafield>
  <datafield tag="700" ind1="1" ind2=" ">
    <subfield code="a">Lincoln, Yvonna S.</subfield>
    <subfield code="9">1996</subfield>
    <subfield code="e">Comp.</subfield>
  </datafield>
  <datafield tag="942" ind1=" " ind2=" ">
    <subfield code="2">ddc</subfield>
    <subfield code="c">BK</subfield>
  </datafield>
  <datafield tag="999" ind1=" " ind2=" ">
    <subfield code="c">1278</subfield>
    <subfield code="d">1278</subfield>
  </datafield>
  <datafield tag="952" ind1=" " ind2=" ">
    <subfield code="0">0</subfield>
    <subfield code="1">0</subfield>
    <subfield code="2">ddc</subfield>
    <subfield code="4">0</subfield>
    <subfield code="7">0</subfield>
    <subfield code="a">BFM</subfield>
    <subfield code="b">BFM</subfield>
    <subfield code="c">REF</subfield>
    <subfield code="d">2013-03-19</subfield>
    <subfield code="e">PROMED</subfield>
    <subfield code="g">370.00</subfield>
    <subfield code="l">0</subfield>
    <subfield code="o">300.1 15 DEN</subfield>
    <subfield code="p">2814</subfield>
    <subfield code="r">2014-11-06</subfield>
    <subfield code="t">ej.1</subfield>
    <subfield code="w">2013-03-19</subfield>
    <subfield code="y">BK</subfield>
    <subfield code="z">COMPRA PROMED 2DA ETAPA, MARZO 2013</subfield>
  </datafield>
  <datafield tag="952" ind1=" " ind2=" ">
    <subfield code="0">0</subfield>
    <subfield code="1">0</subfield>
    <subfield code="2">ddc</subfield>
    <subfield code="4">0</subfield>
    <subfield code="7">0</subfield>
    <subfield code="a">BFM</subfield>
    <subfield code="b">BFM</subfield>
    <subfield code="c">CR</subfield>
    <subfield code="d">2013-03-19</subfield>
    <subfield code="e">PROMED</subfield>
    <subfield code="g">370.00</subfield>
    <subfield code="l">1</subfield>
    <subfield code="o">300.1 15 DEN</subfield>
    <subfield code="p">2815</subfield>
    <subfield code="r">2014-11-06</subfield>
    <subfield code="s">2013-04-19</subfield>
    <subfield code="t">ej.2</subfield>
    <subfield code="w">2013-03-19</subfield>
    <subfield code="y">BK</subfield>
    <subfield code="z">COMPRA PROMED 2DA ETAPA, MARZO 2013</subfield>
  </datafield>
</record>
